[Event "ISR-ch"]
[Site "Haifa"]
[Date "2010.11.16"]
[Round "7"]
[White "Kataev, Simcho"]
[Black "Galburd, Yan"]
[Result "0-1"]
[WhiteElo "2281"]
[BlackElo "2322"]
[PlyCount "160"]
[EventDate "2010.11.08"]
[EventType "swiss"]
[EventRounds "9"]
[EventCountry "ISR"]
[SourceTitle "EXT 2011"]
[Source "ChessBase"]
[SourceDate "2010.11.26"]
[SourceVersion "1"]
[SourceVersionDate "2010.11.26"]
[SourceQuality "1"]

1. c4 g6 2. Nc3 Bg7 3. g3 d6 4. Bg2 e5 5. e4 Nc6 6. Nge2 h5 7. h4 Bg4 8. f3 Be6 9. d3 Qd7 10. Bg5 Bh6 11. Qd2 Bxg5 12. hxg5 0-0-0 13. Nd5 Rf8 14. 0-0-0 f6 15. b3 Qd8 16. gxf6 Nxf6 17. Kb2 Nd7 18. Rh2 Kb8 19. Qe3 Nc5 20. d4 exd4 21. Nxd4 Nxd4 22. Qxd4 Qg5 23. Nxc7 Qxg3 24. Nxe6 Nxe6 25. Qxd6+ Qxd6 26. Rxd6 Re8 27. Kc3 Rhf8 28. c5 Kc7 29. b4 b6 30. Kc4 Re7 31. b5 bxc5 32. Rc6+ Kb8 33. a4 Rd8 34. a5 Rd2 35. a6 Rc2+ 36. Kd3 Rb2 37. Bh3 Rxh2 38. Bxe6 Re8 39. Bd5 Rg2 40. Rf6 Kc7 41. Ke3 Rb2 42. Rxg6 Rxb5 43. f4 Rb1 44. Rc6+ Kd8 45. f5 Rf1 46. Be6 h4 47. Rc8+ Ke7 48. Rxc5 h3 49. Rc7+ Kf6 50. Rh7 Ke5 51. Rxh3 Re1+ 52. Kd3 Rd8+ 53. Kc3 Rxe4 54. Rh7 Re3+ 55. Kc4 Ra8 56. Kb5 Rc3 57. Rd7 Rc1 58. Rd5+ Kf6 59. Rd7 Rb1+ 60. Ka5 Rab8 61. Rb7 R8xb7 62. axb7 Rxb7 63. Ka6 Rc7 64. Kb5 Ke5 65. Ka6 Kd6 66. Ba2 Rc1 67. Be6 Ra1+ 68. Kb5 Ra3 69. Kb4 Ra6 70. Bc4 Rb6+ 71. Kc3 Kc5 72. Bb3 a5 73. Ba4 Rb4 74. Bd7 Rd4 75. Be6 Rf4 76. Kd3 Kd6 77. Kc3 a4 78. Kd3 Rb4 79. Kc3 Rb6 80. Ba2 Ke5 0-1

[Event "ISR-ch"]
[Site "Haifa"]
[Date "2010.11.11"]
[Round "4.12"]
[White "Krayz, Alexander"]
[Black "Kataev, Simcho"]
[Result "1/2-1/2"]
[WhiteElo "2339"]
[BlackElo "2281"]
[PlyCount "86"]
[EventDate "2010.11.08"]
[EventType "swiss"]
[EventRounds "9"]
[EventCountry "ISR"]
[SourceTitle "EXT 2011"]
[Source "ChessBase"]
[SourceDate "2010.11.26"]
[SourceVersion "1"]
[SourceVersionDate "2010.11.26"]
[SourceQuality "1"]

1. e4 d5 2. exd5 Nf6 3. d4 Nxd5 4. c4 Nb6 5. Nc3 e5 6. dxe5 Qxd1+ 7. Nxd1 Nc6 8. f4 Bb4+ 9. Bd2 Be6 10. b3 g5 11. fxg5 Bxd2+ 12. Kxd2 0-0-0+ 13. Kc3 Nxe5 14. Nf3 Nbd7 15. Ne3 Rdg8 16. h4 h6 17. Be2 c5 18. gxh6 Nxf3 19. gxf3 Rxh6 20. Ng4 Rh5 21. Rh2 Kd8 22. Rah1 Ke7 23. Ne3 Nf6 24. f4 Rhh8 25. f5 Bd7 26. Bf3 Bc6 27. Bxc6 bxc6 28. Re1 Rg3 29. Kc2 Kf8 30. Kd2 Rh5 31. Ree2 Rf3 32. Reg2 Rf4 33. Ke2 Ne4 34. Rg1 Rfxh4 35. Rxh4 Rxh4 36. Kf3 Ke7 37. Ng4 Nd6 38. Re1+ Kd8 39. Kf4 Rh8 40. f6 Rh5 41. Re7 Rf5+ 42. Ke3 Rxf6 43. Rxa7 Re6+ 1/2-1/2

[Event "ISR-ch"]
[Site "Haifa"]
[Date "2010.11.10"]
[Round "3.8"]
[White "Kataev, Simcho"]
[Black "Berkovich, Mark A"]
[Result "0-1"]
[WhiteElo "2281"]
[BlackElo "2392"]
[PlyCount "80"]
[EventDate "2010.11.08"]
[EventType "swiss"]
[EventRounds "9"]
[EventCountry "ISR"]
[SourceTitle "EXT 2011"]
[Source "ChessBase"]
[SourceDate "2010.11.26"]
[SourceVersion "1"]
[SourceVersionDate "2010.11.26"]
[SourceQuality "1"]

1. d4 d5 2. Nf3 Nf6 3. Bf4 c5 4. e3 Nc6 5. c3 Qb6 6. b3 Bg4 7. h3 Bxf3 8. Qxf3 g6 9. Bd3 Bg7 10. 0-0 0-0 11. Nd2 Qa5 12. Rfc1 Nh5 13. Bh2 cxd4 14. b4 Qa3 15. exd4 Bh6 16. Qe2 Qb2 17. Nb3 Qxe2 18. Bxe2 Bxc1 19. Rxc1 Rac8 20. a4 Nf6 21. f3 Nd7 22. b5 Nd8 23. a5 f6 24. f4 Nf7 25. Kf2 Nd6 26. Ke3 Kf7 27. Bg3 f5 28. Nd2 Rc7 29. c4 dxc4 30. Nxc4 Rfc8 31. Nxd6+ exd6 32. Rxc7 Rxc7 33. Bf3 Nf6 34. Kd3 d5 35. Bf2 Ne4 36. Be1 Rc1 37. Bb4 Rb1 38. Bc5 Rxb5 39. Bxa7 Rxa5 40. Bb8 Ra8 0-1

[Event "ISR-ch"]
[Site "Haifa"]
[Date "2010.11.09"]
[Round "2.3"]
[White "Nabaty, Tamir"]
[Black "Kataev, Simcho"]
[Result "1-0"]
[WhiteElo "2529"]
[BlackElo "2281"]
[PlyCount "97"]
[EventDate "2010.11.08"]
[EventType "swiss"]
[EventRounds "9"]
[EventCountry "ISR"]
[SourceTitle "EXT 2011"]
[Source "ChessBase"]
[SourceDate "2010.11.26"]
[SourceVersion "1"]
[SourceVersionDate "2010.11.26"]
[SourceQuality "1"]

1. e4 c6 2. d4 d5 3. f3 g6 4. Nc3 Bg7 5. Be3 a5 6. Qd2 h5 7. 0-0-0 Na6 8. Bxa6 Rxa6 9. Nge2 a4 10. a3 dxe4 11. fxe4 Nf6 12. h3 Qa5 13. Kb1 0-0 14. Bh6 b5 15. Bxg7 Kxg7 16. Qg5 Qc7 17. g4 Rh8 18. e5 b4 19. axb4 Nd5 20. Qd2 Nxb4 21. Nf4 a3 22. b3 a2+ 23. Ka1 c5 24. Ne4 cxd4 25. Qxb4 Qxe5 26. Nc5 Qxf4 27. Rhf1 Qg5 28. Qxd4+ e5 29. Qd5 Ra7 30. Ne4 Qe7 31. Nd6 Qe6 32. Qc5 Rd7 33. g5 Rhd8 34. Rf6 Qxh3 35. Rdf1 Rxd6 36. Rxf7+ Kg8 37. Qxe5 Qxf1+ 38. Rxf1 Rd1+ 39. Rxd1 Rxd1+ 40. Kxa2 Bf5 41. Qf4 Kf7 42. b4 Re1 43. b5 Re4 44. Qd6 Re6 45. Qg3 Re2 46. b6 Rxc2+ 47. Ka3 Rc6 48. b7 Ra6+ 49. Kb2 1-0

[Event "ISR-ch 34th"]
[Site "Haifa"]
[Date "2008.12.04"]
[Round "3"]
[White "Kataev, Simcho"]
[Black "Tseitlin, Mark D"]
[Result "0-1"]
[WhiteElo "2315"]
[BlackElo "2437"]
[PlyCount "64"]
[EventDate "2008.12.01"]
[EventType "swiss"]
[EventRounds "9"]
[EventCountry "ISR"]
[SourceTitle "CBM 127 Extra"]
[Source "ChessBase"]
[SourceDate "2009.01.08"]
[SourceVersion "2"]
[SourceVersionDate "2009.01.28"]
[SourceQuality "1"]

1. b3 e5 2. Bb2 Nc6 3. e3 Nf6 4. c4 Bc5 5. Nf3 e4 6. d4 Bb4+ 7. Nfd2 d5 8. Nc3 0-0 9. a3 Bxc3 10. Bxc3 Re8 11. Qc2 Ne7 12. Bb2 c6 13. h3 Nf5 14. 0-0-0 a5 15. Kb1 Be6 16. g4 Nh4 17. c5 h6 18. Be2 Nh7 19. f4 exf3 20. Nxf3 Nxf3 21. Bxf3 Qh4 22. e4 dxe4 23. Bxe4 Nf6 24. Bd3 Bd5 25. Rhg1 Ne4 26. Rgf1 Qxh3 27. Rf4 Ng5 28. a4 Re3 29. Ka2 Rae8 30. Bc4 Ne6 31. Rff1 Nc7 32. Rg1 Na6 0-1

[Event "ISR-ch"]
[Site "Ramat Aviv"]
[Date "2004.09.29"]
[Round "9"]
[White "Kataev, Simcho"]
[Black "Kudischewitsch, David"]
[Result "1-0"]
[WhiteElo "2286"]
[BlackElo "2405"]
[PlyCount "137"]
[EventDate "2004.09.19"]
[EventType "swiss"]
[EventRounds "9"]
[EventCountry "ISR"]
[SourceTitle "CBM 102 Extra"]
[Source "ChessBase"]
[SourceDate "2004.11.03"]
[SourceVersion "1"]
[SourceVersionDate "2004.11.03"]
[SourceQuality "1"]

1. d4 Nf6 2. Bg5 Ne4 3. Bf4 d5 4. e3 c5 5. Nf3 Nc6 6. c3 Qb6 7. Qb3 c4 8. Qc2 h6 9. Nbd2 Bf5 10. Nxe4 Bxe4 11. Qc1 e6 12. Nd2 Bh7 13. Be2 Be7 14. 0-0 Rc8 15. Re1 0-0 16. h3 Qd8 17. Bf3 b5 18. e4 b4 19. Nf1 dxe4 20. Bxe4 Bxe4 21. Rxe4 Qd5 22. Re2 Rfd8 23. Qe3 Bd6 24. Rae1 Bxf4 25. Qxf4 Qa5 26. Qg3 Qxa2 27. Ne3 Ne7 28. Ng4 Nf5 29. Qf3 Qa6 30. Ne5 Rc7 31. g4 Nd6 32. h4 Qb7 33. Qf4 a5 34. Kh2 Qc8 35. h5 f6 36. Ng6 Nf7 37. Kh3 e5 38. dxe5 fxe5 39. Nxe5 Nxe5 40. Qxe5 Rf7 41. Kg3 bxc3 42. bxc3 a4 43. f4 a3 44. Qa5 Kh7 45. Re7 Rd3+ 46. Kh4 Rxf4 47. R1e6 Qf8 48. Rxh6+ Kxh6 49. Qg5+ Kh7 50. Qg6+ Kg8 51. Re8 Rf6 52. Rxf8+ Kxf8 53. Qe4 Ra6 54. Qf5+ Rf6 55. Qc8+ Ke7 56. Qc5+ Ke8 57. Qxa3 Rff3 58. Qa4+ Kf8 59. Qb4+ Ke8 60. Qxc4 Kf8 61. Qc8+ Kf7 62. c4 Rde3 63. c5 Rh3+ 64. Kg5 Re5+ 65. Kf4 Rhe3 66. Qc7+ Re7 67. Qc6 R3e6 68. Qd5 Rc7 69. Kf5 1-0

[Event "ISR-ch"]
[Site "Ramat Aviv"]
[Date "2004.09.20"]
[Round "2"]
[White "Zilberman, Yaacov"]
[Black "Kataev, Simcho"]
[Result "1-0"]
[WhiteElo "2430"]
[BlackElo "2286"]
[PlyCount "113"]
[EventDate "2004.09.19"]
[EventType "swiss"]
[EventRounds "9"]
[EventCountry "ISR"]
[SourceTitle "CBM 102 Extra"]
[Source "ChessBase"]
[SourceDate "2004.11.03"]
[SourceVersion "1"]
[SourceVersionDate "2004.11.03"]
[SourceQuality "1"]

1. d4 a6 2. Nf3 Nf6 3. Bf4 d5 4. e3 e6 5. Nbd2 c5 6. c3 Nc6 7. Bd3 Bd6 8. Bg3 0-0 9. 0-0 Bxg3 10. hxg3 c4 11. Bc2 b5 12. e4 dxe4 13. Nxe4 Bb7 14. Re1 Nxe4 15. Bxe4 g6 16. Qd2 Kg7 17. b3 cxb3 18. axb3 Qb6 19. c4 Rad8 20. Qc3 Kg8 21. d5 exd5 22. Bxd5 Nb8 23. Bxb7 Qxb7 24. Ne5 Qb6 25. c5 Qf6 26. c6 Rde8 27. Rac1 b4 28. Qc5 a5 29. Qxa5 Nxc6 30. Nxc6 Rxe1+ 31. Rxe1 Qxc6 32. Qxb4 Rc8 33. Qd4 Rb8 34. b4 Rc8 35. g4 Qb5 36. g3 Qb8 37. Kh2 Rd8 38. Qe4 Qb6 39. Re2 Qf6 40. Qf4 Qc6 41. Re7 Rf8 42. Rc7 Qb6 43. Kg1 h6 44. Qc4 Qf6 45. Rc6 Qa1+ 46. Kg2 Kg7 47. b5 Ra8 48. Qc3+ Qxc3 49. Rxc3 Rb8 50. Rb3 Rb6 51. Kf3 Kf6 52. Ke4 Ke6 53. Kd4 Kd6 54. Kc4 Kc7 55. Rf3 f6 56. Kc5 Re6 57. Re3 1-0

[Event "ISR-chT"]
[Site "Israel"]
[Date "1996.??.??"]
[Round "11"]
[White "Khenkin, Igor"]
[Black "Kataev, Simcho"]
[Result "1-0"]
[WhiteElo "2575"]
[BlackElo "2355"]
[PlyCount "67"]
[EventDate "1996.??.??"]
[EventType "team"]
[EventRounds "11"]
[EventCountry "ISR"]
[SourceTitle "CBM 052 Extra"]
[Source "ChessBase"]
[SourceDate "1996.07.01"]
[SourceVersion "1"]
[SourceVersionDate "1996.07.01"]
[SourceQuality "1"]

1. d4 d5 2. c4 e6 3. Nf3 Nd7 4. Nc3 Ngf6 5. Bg5 Be7 6. Qc2 0-0 7. Rd1 a6 8. e3 c6 9. c5 Nh5 10. h4 f5 11. Bd3 Ndf6 12. Na4 Bd7 13. Nb6 Rb8 14. Ne5 Be8 15. f3 h6 16. Rh3 hxg5 17. hxg5 Ne4 18. fxe4 fxe4 19. Be2 Bxg5 20. Bxh5 Bxh5 21. Rxh5 Bh4+ 22. Kd2 Rf2+ 23. Kc3 Rxc2+ 24. Kxc2 Qf6 25. Nbd7 Qf2+ 26. Rd2 Qxe3 27. Rxh4 Rd8 28. g4 Rxd7 29. Nxd7 Qg3 30. Rh1 Kf7 31. Ne5+ Ke7 32. Rf1 Kd8 33. Rf8+ Kc7 34. Rdf2 1-0

[Event "ISR-chT"]
[Site "Israel"]
[Date "1996.??.??"]
[Round "8"]
[White "Malachi, Avraham"]
[Black "Kataev, Simcho"]
[Result "1/2-1/2"]
[WhiteElo "2250"]
[BlackElo "2355"]
[PlyCount "33"]
[EventDate "1996.??.??"]
[EventType "team"]
[EventRounds "11"]
[EventCountry "ISR"]
[SourceTitle "CBM 052 Extra"]
[Source "ChessBase"]
[SourceDate "1996.07.01"]
[SourceVersion "1"]
[SourceVersionDate "1996.07.01"]
[SourceQuality "1"]

1. e4 c5 2. Nf3 e6 3. d3 d5 4. Nbd2 Nc6 5. g3 Bd6 6. Bg2 Nge7 7. 0-0 0-0 8. Nh4 b6 9. f4 dxe4 10. dxe4 Ba6 11. e5 Bc7 12. Rf2 Qd7 13. c3 Rad8 14. Qe1 Ng6 15. Nxg6 hxg6 16. Ne4 Qd1 17. Bd2 1/2-1/2

[Event "ISR-chT"]
[Site "Israel"]
[Date "1996.??.??"]
[Round "4"]
[White "Tyomkin, Dimitri"]
[Black "Kataev, Simcho"]
[Result "1-0"]
[WhiteElo "2340"]
[BlackElo "2355"]
[PlyCount "67"]
[EventDate "1996.??.??"]
[EventType "team"]
[EventRounds "11"]
[EventCountry "ISR"]
[SourceTitle "CBM 052 Extra"]
[Source "ChessBase"]
[SourceDate "1996.07.01"]
[SourceVersion "1"]
[SourceVersionDate "1996.07.01"]
[SourceQuality "1"]

1. d4 c5 2. d5 f5 3. g3 Nf6 4. Bg2 g6 5. h4 Qb6 6. Nh3 e5 7. dxe6 dxe6 8. 0-0 Bg7 9. Nd2 0-0 10. c3 Nc6 11. Nc4 Qa6 12. Qb3 Nd5 13. a4 Bd7 14. Rd1 Nce7 15. Bg5 Rae8 16. Nf4 Bc8 17. Qb5 Nxf4 18. Bxf4 Nd5 19. Bd6 Qxb5 20. axb5 Rf7 21. Rxa7 b6 22. Rxf7 Kxf7 23. Bxd5 exd5 24. Nxb6 Bb7 25. e3 d4 26. Bxc5 Bf3 27. Rd2 dxc3 28. bxc3 Bxc3 29. Rd7+ Kg8 30. Rc7 Ba5 31. Rc8 Kf7 32. Rxe8 Kxe8 33. Nc4 Be2 34. Nxa5 1-0

[Event "Czerniak Memorial 11th"]
[Site "Tel Aviv"]
[Date "1995.??.??"]
[Round "8"]
[White "Kataev, Simcho"]
[Black "Kundin, Alexander"]
[Result "1/2-1/2"]
[WhiteElo "2360"]
[BlackElo "2205"]
[PlyCount "116"]
[EventDate "1995.??.??"]
[EventType "tourn"]
[EventRounds "11"]
[EventCountry "ISR"]
[EventCategory "4"]
[SourceTitle "EXT 1997"]
[Source "ChessBase"]
[SourceDate "1996.11.15"]
[SourceVersion "1"]
[SourceVersionDate "1996.11.15"]
[SourceQuality "1"]

1. g3 c5 2. c4 Nf6 3. Bg2 Nc6 4. Nc3 g6 5. e3 Bg7 6. Nge2 0-0 7. 0-0 d6 8. b3 Bd7 9. h3 Rb8 10. d4 a6 11. a4 Na5 12. Bd2 e6 13. Qc2 Bc6 14. e4 Qb6 15. Nb5 Nxe4 16. Bxa5 Qxa5 17. Bxe4 Bxe4 18. Qxe4 axb5 19. axb5 Qb4 20. Rab1 cxd4 21. Nxd4 d5 22. Qg4 dxc4 23. Ne2 Qxb5 24. bxc4 Qc6 25. Rb5 Rfd8 26. Rfb1 Rd2 27. Rb6 Qc7 28. Qe4 Qe5 29. Qxe5 Bxe5 30. Kf1 Ra8 31. Rxb7 Raa2 32. Re1 Rac2 33. Rb3 Rxc4 34. Re3 Bd6 35. Ng1 Rcc2 36. R3e2 Bc5 37. Nf3 Rxe2 38. Rxe2 Rc1+ 39. Kg2 Kg7 40. h4 h5 41. Ng5 Be7 42. Nf3 Ra1 43. Rd2 f5 44. Rc2 Ra6 45. Rc7 Kf6 46. Ng5 e5 47. Rb7 Rd6 48. Rb2 Rd3 49. Rb6+ Bd6 50. Kf1 e4 51. Ke2 Ke5 52. Nf7+ Ke6 53. Nh8 Kf6 54. Rb7 Ra3 55. Rb6 Ra2+ 56. Ke1 Ke7 57. Nxg6+ Kd7 58. Rb7+ Ke6 1/2-1/2

[Event "Czerniak Memorial 10th"]
[Site "Tel Aviv"]
[Date "1994.??.??"]
[Round "11"]
[White "Kataev, Simcho"]
[Black "Godes, Dmitry R"]
[Result "1/2-1/2"]
[WhiteElo "2385"]
[BlackElo "2405"]
[PlyCount "54"]
[EventDate "1994.??.??"]
[EventType "tourn"]
[EventRounds "11"]
[EventCountry "ISR"]
[EventCategory "4"]
[SourceTitle "EXT 1997"]
[Source "ChessBase"]
[SourceDate "1996.11.15"]
[SourceVersion "1"]
[SourceVersionDate "1996.11.15"]
[SourceQuality "1"]

1. Nf3 d5 2. d4 Nd7 3. Bf4 Ngf6 4. e3 e6 5. Bd3 Bd6 6. 0-0 0-0 7. Nbd2 Bxf4 8. exf4 c5 9. c3 Qb6 10. Rb1 Nb8 11. dxc5 Qxc5 12. g3 Nc6 13. Nb3 Qb6 14. Re1 Bd7 15. Qd2 a5 16. Qe3 Qc7 17. Nbd4 a4 18. Ne5 Nxd4 19. cxd4 Ne8 20. Rbc1 Qd8 21. Rc2 Nd6 22. Rec1 a3 23. b3 Bb5 24. Bxb5 Nxb5 25. Qd2 f6 26. Nf3 Nd6 27. Qb4 Rf7 1/2-1/2

[Event "Lloyds Bank op 18th"]
[Site "London"]
[Date "1994.??.??"]
[Round "4"]
[White "Stanton, William"]
[Black "Kataev, Simcho"]
[Result "0-1"]
[WhiteElo "2170"]
[BlackElo "2385"]
[PlyCount "48"]
[EventDate "1994.08.??"]
[EventType "swiss"]
[EventRounds "10"]
[EventCountry "ENG"]
[SourceTitle "EXT 2000"]
[Source "ChessBase"]
[SourceDate "1999.11.16"]
[SourceVersion "1"]
[SourceVersionDate "1999.11.16"]
[SourceQuality "1"]

1. e4 c6 2. d4 d5 3. Nd2 g6 4. c3 h5 5. Ngf3 Nh6 6. Bd3 dxe4 7. Nxe4 Bf5 8. Bf4 Nd7 9. Qe2 Bxe4 10. Bxe4 e6 11. Ne5 Nxe5 12. Bxe5 Rg8 13. 0-0-0 Qa5 14. d5 exd5 15. Bf6 Kd7 16. Rhe1 Bd6 17. Bg5 Ng4 18. Qf3 Ne5 19. Qf6 Rae8 20. Kb1 Re6 21. Qf4 dxe4 22. Rxe4 f5 23. Red4 Nf7 24. b4 Qe5 0-1